000 00497nam a2200181Ia 4500
001 18840
005 20260306171700.0
008 260306s9999||||xx |||||||||||||| ||und||
041 _aESP
082 _a658.5
_bR76
100 _aRodriguez Núñez, Jaime J.
_eAUT
245 0 _aInstrumentación de procesos:
_bguía práctica para la medición de varíables industríales
260 _c2010
300 _a273 páginas :
_c24 cm.
650 _aGEN
654 _aCAN
942 _cLIB
_dJUS
_fJUS
_2ddc
_n
999 _c18840
_d18840